000 00513ntaaa2200193 4500
003 01
005 20251027202300.0
008 0714s1973 ag 01
040 _aAR-BaBN
_bspa
_cAR-BaBN
_eaacr
_dRIC
082 _a270.8100 V66
100 _aVidler, Alec R.
_911396
245 _aThe church in an age of revolution
250 _a1 ed.
260 _aHarmondsworth :
_bPenguin Books Ltd,
_c1961
300 _a287 p
500 _aHistoria eclesiƔstica desde 1789
650 _ahistoria eclesiƔstica
942 _cBK
999 _c17589
_d17589